| 000 | 00494nam a2200181Ia 4500 | ||
|---|---|---|---|
| 999 |
_c29520 _d29520 |
||
| 003 | OSt | ||
| 005 | 20201216122453.0 | ||
| 008 | 190216s9999||||xx |||||||||||||| ||und|| | ||
| 020 | _a9622092441524 | ||
| 040 | _coclc | ||
| 082 |
_a894.8121 _bKUR/N |
||
| 100 |
_aKurup, O N V _97466 |
||
| 245 | 0 |
_aNarumozhikal / _cO N V Kurup |
|
| 260 |
_bKairali Books, _aKannur: _c2007. |
||
| 300 | _a63p | ||
| 650 | _aKavithkal | ||
| 942 |
_cBK _2ddc _h894.8121 _iKUR/N _k894.8121 _mKUR/N |
||